Normal view
MARC view
- Kolman, Bernard,/Busby,Robert
Entry Personal Name
001 - CONTROL NUMBER
- control field: 3721
003 - CONTROL NUMBER IDENTIFIER
- control field: JO-AjAnu
005 - DATE AND TIME OF LATEST TRANSACTION
- control field: 20230606070919.0
008 - FIXED-LENGTH DATA ELEMENTS
- fixed length control field: 230606|| aca||aabn | a|a d
040 ## - CATALOGING SOURCE
- Original cataloging agency: JO-AjAnu
- Transcribing agency: JO-AjAnu
100 ## - HEADING--PERSONAL NAME
- Personal name: Kolman, Bernard,/Busby,Robert
670 ## - SOURCE DATA FOUND
- Source citation: Work cat.: (JO-AjAnu)1943: Kolman, Bernard,/Busby,Robert, author, Discrete mathematical structures for computer science.